Russia's Borders Quiz Stats

 Plays Quiz Updated Jul 13, 2018

Score 0/14 Timer 02:00
0 Plays Today
Country % Correct
China
97.6%
Mongolia
91.2%
Ukraine
88.5%
Latvia
81.6%
Estonia
80.8%
Kazakhstan
80%
Lithuania
78.3%
Country % Correct
Finland
78%
Belarus
76.8%
Georgia
75.2%
Poland
72.3%
North Korea
67.4%
Azerbaijan
61.9%
Norway
53.5%

You're not logged in!

Compare scores with friends on all Sporcle quizzes.
OR
Log In

Sporcle TV

Today on Sporcle TV


Watch our educational content, quiz creation guides, and fun videos on Sporcle TV.

Show Comments

Extras

Top Quizzes Today


Score Distribution

Your Account Isn't Verified!

In order to create a playlist on Sporcle, you need to verify the email address you used during registration. Go to your Sporcle Settings to finish the process.

Report this User

Report this user for behavior that violates our Community Guidelines.

Details: